LEADER 00825cam0-22003011i-450- 001 990004729380403321 005 20040628151546.0 035 $a000472938 035 $aFED01000472938 035 $a(Aleph)000472938FED01 035 $a000472938 100 $a19990604d1964----km-y0itay50------ba 101 0 $afre 102 $aFR 105 $ay-------001yy 200 1 $aVictor Hugo romancier, ou, Les dessus de l'inconnu$eessai$fGeorges Piroué 210 $aParis$cDenoël$dc1964 215 $a252 p.$d19 cm 610 0 $aHugo, Victor 676 $a843.8 700 1$aPiroué,$bGeorges$0392200 801 0$aIT$bUNINA$gRICA$2UNIMARC 901 $aBK 912 $a990004729380403321 952 $aSI-500$fFLFBC 959 $aFLFBC 996 $aVictor Hugo romancier, ou, Les dessus de l'inconnu$9556857 997 $aUNINA